[Event "Chessemy Open 2022"]
[Site "Reinstorf"]
[Date "2022.01.30"]
[Round "2.5"]
[White "Oest, Thorsten"]
[Black "Lubbe, Nikolas"]
[Result "0-1"]
[WhiteElo "2111"]
[BlackElo "2433"]
[Annotator "TA"]
[PlyCount "82"]
[EventDate "2022.01.29"]
[EventType "swiss"]
[EventCountry "GER"]
[SourceTitle "playchess.com"]
[Source "ChessBase"]
[SourceQuality "1"]

1. e4 c5 2. Nf3 Nc6 3. Bb5 g6 4. O-O Bg7 5. Re1 e5 6. c3 Nge7 7. d4 cxd4 8. cxd4 Nxd4 9. Nxd4 exd4 10. Nd2 O-O 11. f4 a6 12. Ba4 d6 13. Nf3 Qb6 14. Qd3 Nc6 15. a3 Bd7 16. b3 Qa7 17. b4 Rad8 18. Bb3 Ne7 19. Bb2 Bb5 20. Bc4 Bxc4 21. Qxc4 d5 22. Qd3 dxe4 23. Rxe4 Nf5 24. Rd1 h5 25. Ne5 Rd5 26. Kh1 Rfd8 27. g4 hxg4 28. Nxg4 Qb6 29. Rde1 Qc6 30. Ne5 Bxe5 31. fxe5 Rxe5 32. Kg1 Rxe4 33. Rxe4 Qd5 34. Bc1 Qc6 35. Bg5 Re8 36. Rg4 Qe6 37. Bd2 b5 38. Rg2 Qe4 39. Qb3 Re6 40. a4 bxa4 41. Qxa4 Ne3 0-1

[Event "Chessemy Open 2022"]
[Site "Reinstorf"]
[Date "2022.01.30"]
[Round "2.5"]
[White "Milovs, Daniels"]
[Black "Nautsch, Thomas"]
[Result "1-0"]
[WhiteElo "1842"]
[BlackElo "1550"]
[Annotator "NA RC"]
[PlyCount "41"]
[EventDate "2022.01.29"]
[EventType "swiss"]
[EventCountry "GER"]
[SourceTitle "playchess.com"]
[Source "ChessBase"]
[SourceQuality "1"]

1. e4 c5 2. Be2 e6 3. f4 Nc6 4. Nf3 Nge7 5. d3 g6 6. c3 Bg7 7. Be3 b6 8. d4 cxd4 9. cxd4 d5 10. e5 O-O 11. O-O Bb7 12. Nc3 a6 13. g4 Kh8 14. Kg2 Rc8 15. Rc1 b5 16. Qd2 Qd7 17. b3 Rfd8 18. Bd3 Nb4 19. Bb1 Rc7 20. Ne2 Rdc8 21. Qxb4 1-0

[Event "Chessemy Open 2022"]
[Site "Reinstorf"]
[Date "2022.01.30"]
[Round "2.6"]
[White "Koellner, Ruben Gideon"]
[Black "Anderberg, Peter"]
[Result "1-0"]
[WhiteElo "2428"]
[BlackElo "2003"]
[Annotator "TA"]
[PlyCount "51"]
[EventDate "2022.01.29"]
[EventType "swiss"]
[EventCountry "GER"]
[SourceTitle "playchess.com"]
[Source "ChessBase"]
[SourceQuality "1"]

1. d4 d5 2. Bf4 c5 3. e3 cxd4 4. exd4 Nc6 5. c3 f6 6. Nf3 e6 7. c4 Bd6 8. Be3 Nge7 9. Nc3 O-O 10. a3 dxc4 11. Bxc4 Kh8 12. O-O Nf5 13. b4 a6 14. Rc1 Re8 15. Ba2 e5 16. d5 Nxe3 17. fxe3 Ne7 18. Ne4 Nf5 19. Rc3 Qb6 20. Qc2 Bd7 21. Nc5 Bxc5 22. bxc5 Qa5 23. Nd2 Ne7 24. Nc4 Qxc5 25. Nxe5 Qb5 26. Nf7+ 1-0

[Event "Chessemy Open 2022"]
[Site "Reinstorf"]
[Date "2022.01.30"]
[Round "2.6"]
[White "Rennkamp, David"]
[Black "Hilbenz, Guntram"]
[Result "1/2-1/2"]
[WhiteElo "1496"]
[BlackElo "1857"]
[Annotator "NA RC"]
[PlyCount "82"]
[EventDate "2022.01.29"]
[EventType "swiss"]
[EventCountry "GER"]
[SourceTitle "playchess.com"]
[Source "ChessBase"]
[SourceQuality "1"]

1. e4 e5 2. Nf3 Nc6 3. Bc4 Nf6 4. d3 Bc5 5. c3 a6 6. b4 Ba7 7. O-O d6 8. Be3 Bxe3 9. fxe3 O-O 10. Nbd2 d5 11. exd5 Nxd5 12. Bxd5 Qxd5 13. Qc2 f6 14. e4 Qd6 15. Nc4 Qe7 16. Rad1 Be6 17. Ne3 Rad8 18. Rd2 g6 19. h3 f5 20. exf5 gxf5 21. Re1 Qg7 22. Kh2 f4 23. Nf1 Bf5 24. Nh4 Qf6 25. Nxf5 Qxf5 26. Re4 Rd6 27. g3 fxg3+ 28. Nxg3 Qf3 29. Ne2 Kh8 30. Ng1 Qf5 31. Rg4 Ne7 32. Ne2 Rfd8 33. d4 Qf2+ 34. Rg2 Qh4 35. Rg4 Qf6 36. Qe4 exd4 37. Rxd4 Rxd4 38. Nxd4 Qd6+ 39. Qf4 Qxf4+ 40. Rxf4 Nd5 41. Rf3 Rg8 1/2-1/2

[Event "Chessemy Open 2022"]
[Site "Reinstorf"]
[Date "2022.01.30"]
[Round "2.7"]
[White "Mis, Mieszko"]
[Black "Schmidt, Theo"]
[Result "1/2-1/2"]
[WhiteElo "2417"]
[BlackElo "1997"]
[Annotator "TA"]
[PlyCount "105"]
[EventDate "2022.01.29"]
[EventType "swiss"]
[EventCountry "GER"]

1. Nf3 d5 2. d4 Nf6 3. c4 e6 4. Qc2 c6 5. Bg5 Be7 6. e3 h6 7. Bh4 Ne4 8. Bxe7 Qxe7 9. Bd3 Qb4+ 10. Nc3 Nxc3 11. bxc3 Qa5 12. O-O Nd7 13. cxd5 exd5 14. c4 Nf6 15. Rab1 O-O 16. Ne5 Qc7 17. Qb3 dxc4 18. Bxc4 Ne4 19. Qb2 Nd6 20. Bb3 Bf5 21. Rbc1 Rac8 22. f3 Kh8 23. e4 Bh7 24. Qf2 f5 25. exf5 Nxf5 26. g4 Nd6 27. Qg3 Nb5 28. Rfd1 Qe7 29. a4 Nd6 30. Re1 Qd8 31. Kh1 Rc7 32. Re2 Qf6 33. Rce1 Qf4 34. Kg2 Qxg3+ 35. hxg3 g5 36. d5 c5 37. Nc4 Rd7 38. Re6 Nxc4 39. Bxc4 Kg7 40. Re7+ Rxe7 41. Rxe7+ Rf7 42. d6 Rxe7 43. dxe7 Bg6 44. Bb5 Kf6 45. e8=Q Bxe8 46. Bxe8 Ke5 47. Kf2 Kd4 48. Ke2 c4 49. Bg6 b6 50. f4 gxf4 51. gxf4 a6 52. f5 Ke5 53. Be8 1/2-1/2

[Event "Chessemy Open 2022"]
[Site "Reinstorf"]
[Date "2022.01.30"]
[Round "2.7"]
[White "Sistig, Max"]
[Black "Ebeling, Hans-Juergen"]
[Result "1-0"]
[WhiteElo "1846"]
[BlackElo "1538"]
[Annotator "NA RC"]
[PlyCount "91"]
[EventDate "2022.01.29"]
[EventType "swiss"]
[EventCountry "GER"]
[SourceTitle "playchess.com"]
[Source "ChessBase"]
[SourceQuality "1"]

1. d4 c5 2. d5 Nf6 3. c4 b5 4. cxb5 a6 5. bxa6 g6 6. Nc3 Bg7 7. e4 d6 8. Nf3 O-O 9. Be2 Bxa6 10. O-O Nbd7 11. a4 Ng4 12. Nd2 Bxe2 13. Qxe2 Ngf6 14. Nc4 Nb6 15. Bd2 Nfd7 16. b3 Ne5 17. Nxb6 Qxb6 18. Rab1 Qa6 19. Nb5 Rfc8 20. f4 Nd7 21. Rfc1 Qb6 22. Kh1 Rf8 23. Bc3 f6 24. h3 Bh6 25. g3 Qb7 26. Kh2 Rae8 27. Re1 f5 28. exf5 Rxf5 29. Qe6+ Rf7 30. Nxd6 exd6 31. Qxe8+ Nf8 32. Qe4 Qd7 33. Re2 g5 34. fxg5 Bxg5 35. Qg4 Qxg4 36. hxg4 Rf3 37. Bd2 Bf6 38. Bf4 Rd3 39. Rd2 Rf3 40. Kg2 Rc3 41. Bxd6 Nd7 42. a5 Bg5 43. Bf4 Bd8 44. a6 Nb6 45. b4 cxb4 46. Rxb4 1-0

[Event "Chessemy Open 2022"]
[Site "Reinstorf"]
[Date "2022.01.30"]
[Round "2.8"]
[White "Kaeding, Rainer"]
[Black "Gschnitzer, Adrian"]
[Result "0-1"]
[WhiteElo "2095"]
[BlackElo "2403"]
[Annotator "TA"]
[PlyCount "44"]
[EventDate "2022.01.29"]
[EventType "swiss"]
[EventCountry "GER"]
[SourceTitle "playchess.com"]
[Source "ChessBase"]
[SourceQuality "1"]

1. c4 Nf6 2. g3 e6 3. Bg2 d5 4. Nf3 Be7 5. O-O O-O 6. b3 c5 7. cxd5 Nxd5 8. Bb2 b6 9. d3 Bb7 10. Nbd2 Nc6 11. Rc1 Rc8 12. Qc2 Nd4 13. Qd1 Bf6 14. Nxd4 cxd4 15. Rxc8 Qxc8 16. Ne4 Be5 17. Qa1 Nc3 18. e3 f5 19. exd4 Ne2+ 20. Kh1 fxe4 21. dxe5 exd3 22. Qd1 Qa8 0-1

[Event "Chessemy Open 2022"]
[Site "Reinstorf"]
[Date "2022.01.30"]
[Round "2.8"]
[White "Wagener, Martin"]
[Black "Pohle, Saskia"]
[Result "1-0"]
[WhiteElo "1455"]
[BlackElo "1824"]
[Annotator "NA RC"]
[PlyCount "71"]
[EventDate "2022.01.29"]
[EventType "swiss"]
[EventCountry "GER"]
[SourceTitle "playchess.com"]
[Source "ChessBase"]
[SourceQuality "1"]

1. e4 e5 2. Nf3 Nc6 3. d4 exd4 4. Nxd4 Bc5 5. Be3 Qf6 6. c3 Nge7 7. Be2 O-O 8. O-O d5 9. Nxc6 Qxc6 10. exd5 Nxd5 11. Bxc5 Qxc5 12. Nd2 Nf4 13. Ne4 Nxe2+ 14. Qxe2 Qc6 15. Ng3 Be6 16. Qc2 Rad8 17. b3 b5 18. b4 Rd7 19. Rad1 Rfd8 20. Rxd7 Qxd7 21. Ne4 Bf5 22. Re1 Qd5 23. f3 h6 24. Kf2 a5 25. a3 c5 26. Re2 axb4 27. axb4 cxb4 28. cxb4 Qd4+ 29. Kg3 Rd6 30. Rd2 Rg6+ 31. Kf4 Qxb4 32. Kxf5 Qe7 33. Kf4 Qh4+ 34. g4 h5 35. Rg2 Re6 36. Qc8+ 1-0

[Event "Chessemy Open 2022"]
[Site "Reinstorf"]
[Date "2022.01.30"]
[Round "2.9"]
[White "Monninger, Moritz"]
[Black "Bracker, Frank"]
[Result "0-1"]
[WhiteElo "2064"]
[BlackElo "2371"]
[Annotator "TA"]
[PlyCount "60"]
[EventDate "2022.01.29"]
[EventType "swiss"]
[EventCountry "GER"]
[SourceTitle "playchess.com"]
[Source "ChessBase"]
[SourceQuality "1"]

1. d4 Nf6 2. Bg5 e6 3. e4 h6 4. Bxf6 Qxf6 5. c3 d6 6. Bd3 g6 7. Ne2 e5 8. O-O Bg7 9. f4 Qe7 10. Nd2 O-O 11. Nf3 Nd7 12. Qd2 exd4 13. cxd4 c5 14. Rae1 b6 15. Ng3 cxd4 16. Bb1 Bb7 17. Nxd4 h5 18. Nb5 Ba6 19. Nc7 Bxf1 20. Nxa8 Bc4 21. Nc7 Nf6 22. Nd5 Nxd5 23. exd5 Qf6 24. Re4 Bb5 25. b3 Rc8 26. a4 Bd7 27. Qe1 Qb2 28. Re2 Rc1 29. Rxb2 Rxe1+ 30. Kf2 Rc1 0-1

[Event "Chessemy Open 2022"]
[Site "Reinstorf"]
[Date "2022.01.30"]
[Round "2.9"]
[White "Sommer, Justus"]
[Black "Hassinger, Jan Lucian"]
[Result "1-0"]
[WhiteElo "1821"]
[BlackElo "1522"]
[Annotator "NA RC"]
[PlyCount "59"]
[EventDate "2022.01.29"]
[EventType "swiss"]
[EventCountry "GER"]
[SourceTitle "playchess.com"]
[Source "ChessBase"]
[SourceQuality "1"]

1. e4 e6 2. d4 d5 3. Nc3 Nf6 4. Bg5 Be7 5. e5 Nfd7 6. Bxe7 Qxe7 7. Qg4 Rg8 8. f4 b6 9. Nf3 Ba6 10. f5 Bxf1 11. Rxf1 Nc6 12. Ng5 Nxd4 13. fxe6 Nxc2+ 14. Kd2 Nxe5 15. exf7+ Qxf7 16. Qa4+ Qd7 17. Qxd7+ Nxd7 18. Kxc2 O-O-O 19. Nxd5 h6 20. Ne7+ Kb7 21. Nxg8 hxg5 22. Ne7 Nf6 23. Nf5 g6 24. Ne3 Ne4 25. Rad1 Rh8 26. h3 Rh7 27. Rd4 Re7 28. Nd5 Ng3 29. Nxe7 Nxf1 30. Rd3 1-0

[Event "Chessemy Open 2022"]
[Site "Reinstorf"]
[Date "2022.01.30"]
[Round "2.10"]
[White "Peist, Juergen"]
[Black "Acarbay, Algi"]
[Result "1-0"]
[WhiteElo "2351"]
[BlackElo "1992"]
[Annotator "TA"]
[PlyCount "141"]
[EventDate "2022.01.29"]
[EventType "swiss"]
[EventCountry "GER"]
[SourceTitle "playchess.com"]
[Source "ChessBase"]
[SourceQuality "1"]

1. d4 d5 2. c4 c6 3. e3 Nf6 4. Nc3 a6 5. Qc2 Bg4 6. h3 Bh5 7. Nge2 e6 8. Nf4 Bg6 9. Nxg6 hxg6 10. Bd2 Nbd7 11. Bd3 Qc7 12. cxd5 cxd5 13. Rc1 Qd6 14. Na4 Be7 15. a3 a5 16. Qc7 O-O 17. Qxb7 e5 18. Rc6 Qb8 19. Qxb8 Rfxb8 20. O-O exd4 21. exd4 Nf8 22. Rfc1 Ne6 23. Be3 Nd8 24. R6c2 Ne8 25. Nc3 Nf6 26. Bb5 Bd6 27. Kf1 Kf8 28. Ke2 Ke7 29. Kd3 Ra7 30. Bg5 Kf8 31. a4 Ne6 32. Bxf6 Nf4+ 33. Ke3 gxf6 34. Kf3 Ne6 35. Rd1 Nc7 36. Bc6 Rb3 37. Ke2 Rb4 38. Bxd5 Nxd5 39. Nxd5 Rxa4 40. Nxf6 Re7+ 41. Kd3 Kg7 42. Ne4 Bb8 43. Nc3 Rb4 44. Nd5 Rb3+ 45. Rc3 Reb7 46. Rxb3 Rxb3+ 47. Kc2 Rb7 48. Kc3 Bd6 49. Ra1 Rb5 50. Ne3 Kf8 51. Nc4 Bb4+ 52. Kd3 f6 53. Rc1 Ke7 54. Rc2 Kd7 55. Re2 Be7 56. Re3 a4 57. Kc2 Rb4 58. Rc3 Ke6 59. Kd3 Kd5 60. Ne3+ Kd6 61. f4 Kd7 62. Rc4 Rb3+ 63. Ke4 f5+ 64. Kf3 Rxb2 65. Rxa4 Rd2 66. g4 Rh2 67. gxf5 Rxh3+ 68. Ke4 gxf5+ 69. Nxf5 Bf6 70. Ra7+ Kd8 71. Nd6 1-0

[Event "Chessemy Open 2022"]
[Site "Reinstorf"]
[Date "2022.01.30"]
[Round "2.10"]
[White "Muedder, Melanie"]
[Black "Buchinger, Alexis"]
[Result "1-0"]
[WhiteElo "1788"]
[BlackElo "1509"]
[Annotator "NA RC"]
[PlyCount "73"]
[EventDate "2022.01.29"]
[EventType "swiss"]
[EventCountry "GER"]
[SourceTitle "playchess.com"]
[Source "ChessBase"]
[SourceQuality "1"]

1. e4 e5 2. Nf3 Nc6 3. Bc4 Bc5 4. c3 Nf6 5. d4 exd4 6. b4 Be7 7. e5 Ne4 8. b5 Na5 9. Bd3 Nxc3 10. Nxc3 dxc3 11. Qa4 b6 12. Qe4 Bb7 13. Qg4 Kf8 14. Ng5 Bxg5 15. Bxg5 Qe8 16. O-O h6 17. Bh4 Qe6 18. Qb4+ Kg8 19. Qxc3 h5 20. h3 c6 21. Rad1 Rc8 22. Bb1 cxb5 23. Qg3 Kf8 24. Rd6 Qe8 25. Bf5 Bc6 26. Rfd1 Nc4 27. Rxc6 Rxc6 28. Bxd7 Qxe5 29. Bxc6 g6 30. Qxe5 Nxe5 31. Bf6 Nxc6 32. Bxh8 a5 33. Bf6 Ke8 34. Rd6 Ne7 35. Bxe7 Kxe7 36. Rxb6 b4 37. Rb5 1-0

[Event "Chessemy Open 2022"]
[Site "Reinstorf"]
[Date "2022.01.30"]
[Round "2.11"]
[White "Muedder, Rafael"]
[Black "Reichmann, Hendrik"]
[Result "0-1"]
[WhiteElo "2035"]
[BlackElo "2345"]
[Annotator "TA"]
[PlyCount "72"]
[EventDate "2022.01.29"]
[EventType "swiss"]
[EventCountry "GER"]
[SourceTitle "playchess.com"]
[Source "ChessBase"]
[SourceQuality "1"]

1. e4 c5 2. Nf3 e6 3. d4 cxd4 4. Nxd4 Nc6 5. Nc3 Qc7 6. Qd3 Nf6 7. Ndb5 Qb8 8. Qg3 d6 9. Be3 a6 10. Nd4 h5 11. f3 e5 12. Nb3 Be6 13. O-O-O Qc7 14. Qf2 b5 15. Kb1 Rc8 16. Bb6 Qb8 17. a3 Nd7 18. Be3 b4 19. axb4 Nxb4 20. Bd3 Nf6 21. Ba7 Qa8 22. Na2 Nc6 23. Be3 Rb8 24. Nbc1 Be7 25. c4 O-O 26. Nc3 Nb4 27. Nd5 Nfxd5 28. cxd5 Nxd3 29. Nxd3 Bd7 30. Rc1 Qb7 31. Rc3 f5 32. Rhc1 fxe4 33. Ne1 exf3 34. Rc7 Bf5+ 35. Ka1 Qxd5 36. Rxe7 Qa5# 0-1

[Event "Chessemy Open 2022"]
[Site "Reinstorf"]
[Date "2022.01.30"]
[Round "2.11"]
[White "Rotaermel, Leonie"]
[Black "Kewe, Stefan"]
[Result "0-1"]
[WhiteElo "1427"]
[BlackElo "1814"]
[Annotator "NA RC"]
[PlyCount "60"]
[EventDate "2022.01.29"]
[EventType "swiss"]
[EventCountry "GER"]
[SourceTitle "playchess.com"]
[Source "ChessBase"]
[SourceQuality "1"]

1. e4 e6 2. d4 d5 3. Nc3 Nf6 4. e5 Nfd7 5. f4 c5 6. Nf3 Nc6 7. Be3 Be7 8. Be2 f6 9. exf6 Bxf6 10. dxc5 Qa5 11. Qd2 Nxc5 12. Nd4 Qb4 13. Nb3 Nxb3 14. axb3 d4 15. Na2 dxe3 16. Qxb4 Nxb4 17. Nxb4 Bxb2 18. Ra4 Bd7 19. Nd3 Bc3+ 20. Kf1 Bxa4 21. bxa4 O-O 22. Bf3 Rac8 23. Ke2 Bd2 24. Kd1 Rfd8 25. Bxb7 Rb8 26. Ke2 Rxb7 27. Nc5 Rb2 28. Nxe6 Rd6 29. Ng5 Rxc2 30. Rb1 Rb6 0-1

[Event "Chessemy Open 2022"]
[Site "Reinstorf"]
[Date "2022.01.30"]
[Round "2.12"]
[White "Colbow, Collin"]
[Black "Tiede, Andreas"]
[Result "1-0"]
[WhiteElo "2322"]
[BlackElo "1982"]
[Annotator "TA"]
[PlyCount "51"]
[EventDate "2022.01.29"]
[EventType "swiss"]
[EventCountry "GER"]
[SourceTitle "playchess.com"]
[Source "ChessBase"]
[SourceQuality "1"]

1. Nf3 g6 2. e4 Bg7 3. d4 d6 4. Nc3 Nd7 5. Be3 e6 6. Qd2 Ne7 7. Bh6 O-O 8. h4 f6 9. O-O-O Rf7 10. Bxg7 Rxg7 11. e5 f5 12. h5 gxh5 13. Rxh5 d5 14. Ng5 Nf8 15. Bd3 Bd7 16. Ne2 Be8 17. Rh6 Neg6 18. f4 Qe7 19. Kb1 a5 20. Rdh1 a4 21. g4 fxg4 22. Ng3 Nxf4 23. Nxh7 N8g6 24. Nf6+ Kf7 25. Bxg6+ Nxg6 26. Qf2 1-0

[Event "Chessemy Open 2022"]
[Site "Reinstorf"]
[Date "2022.01.30"]
[Round "2.12"]
[White "Reichmann, Felix"]
[Black "Rick, Niklas Corvin"]
[Result "1-0"]
[WhiteElo "1807"]
[BlackElo "1490"]
[Annotator "NA RC"]
[PlyCount "75"]
[EventDate "2022.01.29"]
[EventType "swiss"]
[EventCountry "GER"]
[SourceTitle "playchess.com"]
[Source "ChessBase"]
[SourceQuality "1"]

1. c4 Nf6 2. g3 e6 3. Bg2 d5 4. Nf3 Be7 5. d4 O-O 6. Nc3 c6 7. Qd3 Qb6 8. O-O Nbd7 9. e4 dxe4 10. Nxe4 Nxe4 11. Qxe4 Nf6 12. Qe2 Rd8 13. Be3 c5 14. Rfd1 Bd7 15. Ne5 cxd4 16. Bxd4 Qc7 17. Qf3 Bc8 18. Bc3 Rb8 19. Rxd8+ Bxd8 20. Rd1 Be7 21. g4 Bf8 22. g5 Ne8 23. Rd7 Qxd7 24. Nxd7 Bxd7 25. Be5 Bc6 26. Qd3 Rc8 27. Bxc6 Rxc6 28. Qd7 Nd6 29. b3 Ra6 30. a4 Nf5 31. Qxb7 Rb6 32. Qxa7 Rxb3 33. a5 Nh4 34. f4 Nf3+ 35. Kg2 Ne1+ 36. Kf1 Nf3 37. Ke2 Nxh2 38. Qa8 1-0

[Event "Chessemy Open 2022"]
[Site "Reinstorf"]
[Date "2022.01.30"]
[Round "2.13"]
[White "Labruyere, Roger"]
[Black "Lubbe, Melanie"]
[Result "1/2-1/2"]
[WhiteElo "2024"]
[BlackElo "2297"]
[Annotator "TA"]
[PlyCount "70"]
[EventDate "2022.01.29"]
[EventType "swiss"]
[EventCountry "GER"]
[SourceTitle "playchess.com"]
[Source "ChessBase"]
[SourceQuality "1"]

1. e4 c5 2. Nf3 d6 3. Bb5+ Bd7 4. Bxd7+ Qxd7 5. c4 g6 6. Nc3 Bg7 7. d4 cxd4 8. Nxd4 Nc6 9. Be3 Nf6 10. f3 O-O 11. b3 Ne8 12. Rc1 Nc7 13. O-O f5 14. Nd5 Nxd4 15. Bxd4 Bh6 16. Rc2 fxe4 17. Bb2 e3 18. Re1 Nxd5 19. Qxd5+ Rf7 20. Bc1 Qf5 21. Qxf5 Rxf5 22. Bxe3 Re5 23. Kf2 Bxe3+ 24. Rxe3 Rxe3 25. Kxe3 Kf7 26. Ke4 a5 27. a3 Rc8 28. g4 g5 29. Kd4 Ke6 30. h4 Rf8 31. Ke3 a4 32. hxg5 axb3 33. Rb2 Rc8 34. Kd4 Rf8 35. Ke4 Rc8 1/2-1/2

[Event "Chessemy Open 2022"]
[Site "Reinstorf"]
[Date "2022.01.30"]
[Round "2.14"]
[White "Baum, Jonasz"]
[Black "Riering, Berthold"]
[Result "1-0"]
[WhiteElo "2287"]
[BlackElo "1971"]
[Annotator "TA"]
[PlyCount "61"]
[EventDate "2022.01.29"]
[EventType "swiss"]
[EventCountry "GER"]
[SourceTitle "playchess.com"]
[Source "ChessBase"]
[SourceQuality "1"]

1. e4 c6 2. d4 d5 3. e5 Bf5 4. h4 h5 5. Bd3 Bxd3 6. Qxd3 e6 7. Bg5 Qb6 8. Nd2 Ne7 9. c4 Nf5 10. Ne2 Bb4 11. b3 Ba3 12. O-O Bb2 13. Rad1 Bxd4 14. cxd5 cxd5 15. Nxd4 Qxd4 16. Qb5+ Nd7 17. Qxb7 Rb8 18. Qc6 Qb6 19. Qa4 Qb4 20. Qxa7 Rb7 21. Qa6 Nxe5 22. Rfe1 f6 23. Qxe6+ Ne7 24. Rxe5 fxe5 25. Bxe7 Rxe7 26. Qc8+ Kf7 27. Qxh8 Qxh4 28. Nf3 Qg4 29. Rxd5 Qf5 30. Qd8 Qf4 31. Nxe5+ 1-0

[Event "Chessemy Open 2022"]
[Site "Reinstorf"]
[Date "2022.01.30"]
[Round "2.14"]
[White "Hipler, Andreas"]
[Black "Skopp, Jonathan"]
[Result "1/2-1/2"]
[WhiteElo "1803"]
[BlackElo "1466"]
[Annotator "NA RC"]
[PlyCount "91"]
[EventDate "2022.01.29"]
[EventType "swiss"]
[EventCountry "GER"]
[SourceTitle "playchess.com"]
[Source "ChessBase"]
[SourceQuality "1"]

1. d4 Nf6 2. Nf3 e6 3. g3 d5 4. Bg2 c5 5. O-O Nc6 6. c4 dxc4 7. Ne5 Nxe5 8. dxe5 Nd7 9. Na3 Rb8 10. Nxc4 b5 11. Nd6+ Bxd6 12. Qxd6 Rb6 13. Bc6 Qe7 14. Bxd7+ Bxd7 15. Qxe7+ Kxe7 16. Bg5+ f6 17. exf6+ gxf6 18. Be3 Rc8 19. b4 Ra6 20. Bxc5+ Kf7 21. Rfd1 Bc6 22. Rd6 Rc7 23. f3 Ra3 24. Rad1 Rxa2 25. Kf2 a5 26. Bb6 Rc8 27. Rc1 Bb7 28. Rxc8 Bxc8 29. Rd8 Rc2 30. Bxa5 e5 31. Rd5 Be6 32. Rxb5 Bc4 33. Rc5 Rxe2+ 34. Kf1 Rc2+ 35. Ke1 Re2+ 36. Kd1 Bd3 37. h4 Rf2 38. b5 Rxf3 39. b6 Ba6 40. Rc7+ Kg6 41. Ra7 Bc8 42. Be1 Rb3 43. Bf2 Rb2 44. Ke1 Rb1+ 45. Kd2 Rb2+ 46. Ke1 1/2-1/2

[Event "Chessemy Open 2022"]
[Site "Reinstorf"]
[Date "2022.01.30"]
[Round "2.15"]
[White "Ponomarev, Maximilian"]
[Black "Pubantz, Jan"]
[Result "0-1"]
[WhiteElo "2003"]
[BlackElo "2286"]
[Annotator "TA"]
[PlyCount "86"]
[EventDate "2022.01.29"]
[EventType "swiss"]
[EventCountry "GER"]
[SourceTitle "playchess.com"]
[Source "ChessBase"]
[SourceQuality "1"]

1. e4 c6 2. d4 d5 3. Nc3 dxe4 4. Nxe4 Bf5 5. Ng3 Bg6 6. Nh3 Nf6 7. Nf4 Nbd7 8. c3 Qc7 9. Bc4 e6 10. Qf3 Bd6 11. Be3 O-O 12. Nxg6 hxg6 13. h4 c5 14. Bb3 cxd4 15. Bxd4 Be5 16. O-O-O Rad8 17. Kb1 Bxd4 18. cxd4 Nb6 19. h5 g5 20. Ne4 Nxe4 21. Qxe4 Nd5 22. Rc1 Qf4 23. Qxf4 Nxf4 24. g3 Nd3 25. Rc2 Rxd4 26. f3 Rfd8 27. Rd1 b5 28. Rcd2 e5 29. Re2 Kf8 30. Bc2 f6 31. Re3 Nb4 32. Rxd4 Rxd4 33. Bb3 a5 34. a3 Nd5 35. Bxd5 Rxd5 36. Kc2 Ke7 37. Rc3 Kd6 38. b4 axb4 39. axb4 Rd4 40. Rc8 Ke6 41. Rc7 g4 42. f4 exf4 43. gxf4 Rc4+ 0-1

[Event "Chessemy Open 2022"]
[Site "Reinstorf"]
[Date "2022.01.30"]
[Round "2.16"]
[White "Schulze, Lara"]
[Black "Alquist, Erik"]
[Result "1-0"]
[WhiteElo "2282"]
[BlackElo "1965"]
[Annotator "TA"]
[PlyCount "107"]
[EventDate "2022.01.29"]
[EventType "swiss"]
[EventCountry "GER"]
[SourceTitle "playchess.com"]
[Source "ChessBase"]
[SourceQuality "1"]

1. e4 c5 2. Nf3 e6 3. d4 cxd4 4. Nxd4 Nc6 5. Nc3 Qc7 6. Be3 a6 7. Qd2 Nf6 8. f4 Bb4 9. Bd3 Na5 10. a3 Bxc3 11. Qxc3 Qxc3+ 12. bxc3 d5 13. exd5 exd5 14. Nb3 Nc4 15. Bd4 Ne4 16. Nc5 Nxc5 17. Bxc5 Bd7 18. O-O-O O-O-O 19. Bxc4 dxc4 20. Bb6 Rde8 21. Rd4 Bc6 22. Rxc4 Kd7 23. Rd4+ Ke6 24. Re1+ Kf5 25. g4+ Kxg4 26. Rg1+ Kf5 27. Rg5+ Ke6 28. Re5+ Kf6 29. Rd6+ Re6 30. Bd8+ Rxd8 31. Rexe6+ fxe6 32. Rxd8 e5 33. fxe5+ Kxe5 34. Rg8 Kf6 35. Kd2 g5 36. Rh8 Kg6 37. Ke3 h5 38. Kd4 g4 39. Ke5 Kg5 40. c4 Bf3 41. c5 Bc6 42. Rg8+ Kh4 43. Kf4 Bf3 44. Rg5 Bc6 45. c4 Bg2 46. Rd5 Bf3 47. c6 bxc6 48. Ra5 Bg2 49. Rxa6 Kh3 50. Ra5 h4 51. Rh5 Bf3 52. Kg5 Kxh2 53. Rxh4+ Kg3 54. a4 1-0

[Event "Chessemy Open 2022"]
[Site "Reinstorf"]
[Date "2022.01.30"]
[Round "2.16"]
[White "Launert, Martin"]
[Black "Back, Andreas"]
[Result "1-0"]
[WhiteElo "1790"]
[BlackElo "1454"]
[Annotator "NA RC"]
[PlyCount "119"]
[EventDate "2022.01.29"]
[EventType "swiss"]
[EventCountry "GER"]
[SourceTitle "playchess.com"]
[Source "ChessBase"]
[SourceQuality "1"]

1. e4 e5 2. Nf3 Nc6 3. Bb5 d6 4. d4 Bd7 5. d5 Nb8 6. Bd3 Nf6 7. Nbd2 Be7 8. Nf1 c6 9. c4 O-O 10. Ng3 cxd5 11. cxd5 Qb6 12. O-O Bg4 13. h3 Bxf3 14. Qxf3 Nbd7 15. Qe2 Qd8 16. b4 Ne8 17. Nf5 Bg5 18. Bb5 Bxc1 19. Rfxc1 a6 20. Bxd7 Qxd7 21. Rc3 Nf6 22. Rac1 Rfd8 23. Qf3 Ne8 24. Qg3 g6 25. Nh6+ Kf8 26. Rf3 f6 27. Rfc3 Rac8 28. h4 Rxc3 29. Rxc3 Rc8 30. Rxc8 Qxc8 31. Qe3 Kg7 32. h5 Qc4 33. a3 Qd4 34. Qxd4 exd4 35. Ng4 gxh5 36. Nh2 b5 37. Kf1 Kg6 38. Nf3 f5 39. Nh4+ Kf6 40. Nxf5 Ke5 41. f3 Nf6 42. Ne7 Kf4 43. Kf2 Ke5 44. Nc6+ Kf4 45. g3+ Kg5 46. Nxd4 Ne8 47. Ne6+ Kf6 48. f4 Kf7 49. Ke3 Nf6 50. Nc7 Ne8 51. Nxa6 Ke7 52. Nb8 Nc7 53. Nc6+ Kf6 54. Nd4 Kf7 55. Nf3 h6 56. Kd4 Ke7 57. e5 Ne8 58. e6 Nf6 59. Nh4 Kf8 60. Nf5 1-0

[Event "Chessemy Open 2022"]
[Site "Reinstorf"]
[Date "2022.01.30"]
[Round "2.17"]
[White "Bischoff, Ulrich"]
[Black "Ewert, Hannes"]
[Result "0-1"]
[WhiteElo "1994"]
[BlackElo "2274"]
[Annotator "TA"]
[PlyCount "74"]
[EventDate "2022.01.29"]
[EventType "swiss"]
[EventCountry "GER"]
[SourceTitle "playchess.com"]
[Source "ChessBase"]
[SourceQuality "1"]

1. d4 Nf6 2. c4 e6 3. g3 d5 4. Nf3 Bb4+ 5. Bd2 Be7 6. Bg2 c6 7. O-O Nbd7 8. Bf4 O-O 9. Qc2 b6 10. Rd1 Ba6 11. b3 Rc8 12. Nbd2 c5 13. e3 cxd4 14. exd4 dxc4 15. bxc4 Bxc4 16. Nxc4 b5 17. Nfe5 Nxe5 18. dxe5 Nd5 19. Bxd5 exd5 20. Qe2 bxc4 21. e6 Bf6 22. Rab1 c3 23. Rb7 c2 24. Rc1 fxe6 25. Qxe6+ Kh8 26. Be5 d4 27. Rd7 Qxd7 28. Qxd7 Bxe5 29. Qd5 Rfd8 30. Rxc2 Bf6 31. Rxc8 Rxc8 32. Kf1 Rd8 33. Qa5 d3 34. Qd2 Bc3 35. Qg5 Rb8 36. Qe3 Rd8 37. Qe7 Ba5 0-1